| 000 | 00451nam a2200181Ia 4500 | ||
|---|---|---|---|
| 001 | 24411 | ||
| 005 | 20260414151041.0 | ||
| 008 | 260414t2010||||xx |||||||||||||| ||spa|| | ||
| 041 | _aESP | ||
| 082 |
_a345.7 _bH56 T. 6 2010 |
||
| 100 |
_aHinostroza Minguez, Alberto _eAUT |
||
| 245 | 0 |
_aDerecho procesal civil : _bpostulación del proceso |
|
| 260 | _c2010 | ||
| 300 |
_a _c24 cm. |
||
| 650 | _aDER | ||
| 654 | _aCDE | ||
| 942 |
_cLIB _dJUS _fJUS _2ddc _n |
||
| 999 |
_c24411 _d24411 |
||